Online Catalogue and eLibrary

Sillappathikaram (Record no. 5992)

MARC details
000 -LEADER
fixed length control field 00374nam a22001457a 4500
005 - DATE AND TIME OF LATEST TRANSACTION
control field 20250314045952.0
008 - FIXED-LENGTH DATA ELEMENTS--GENERAL INFORMATION
fixed length control field 250314b |||||||| |||| 00| 0 eng d
082 ## - DDC Classification
DDC Edition Number 22
Class No. 894
Item Number - Author Mark SIL
100 ## - MAIN ENTRY--PERSONAL NAME
Personal name G.manikkavasagan
245 ## - TITLE STATEMENT
Title Sillappathikaram
Remainder of title Thelivoorai
260 ## - PUBLICATION, DISTRIBUTION, ETC.
Place of publication, distribution, etc. Colombo
Name of publisher, distributor, etc. Unie Arts (Private) Ltd
Date of publication, distribution, etc. 2016
300 ## - PHYSICAL DESCRIPTION
Extent (e.g. Volumes, Pages etc.) 532 p .,
650 ## - SUBJECT ADDED ENTRY--TOPICAL TERM
Topical term or geographic name entry element Silappathikaraam
942 ## - Koha item type (Biblio)
Koha item type Books in Stacks (Lending)
Holdings
Lost status Damaged status Collection code Home library Current library Date acquired Full call number Accession Number Item type
    Lending WERC Library WERC Library 03/14/2025 894 SIL 6910 Books in Stacks (Lending)

© WERC Library